EPIC: The Musical - Would you fall in love with me again? - Statistics

General Stats
  • This quiz has been taken 777 times
  • The average score is 337 of 363
Answer Stats
% Correct
a
99%
A
99%
I
99%
Penelope Is
99%
is
99%
it
99%
Odysseus Penelope...
99%
Odysseus Penelope!
99%
(Penelope!)
99%
you?
99%
you
99%
You
99%
you,
99%
YOU!
99%
you...
99%
you.
99%
been
98%
been,
98%
been?
98%
fall
98%
love?
98%
love
98%
love...
98%
my
98%
the
98%
The
98%
Would
98%
Your
98%
your
98%
again
97%
and
97%
And
97%
Have
97%
have
97%
husband
97%
in
97%
me
97%
me?
97%
No
97%
not
97%
on
97%
really
97%
with
97%
am
96%
do?
96%
do
96%
Do
96%
man
96%
Or
96%
or
96%
waiting
96%
Waiting,
96%
waiting,
96%
waiting-
96%
waiting!
96%
Waiting!
96%
Penelope/Odysseus Waiting
96%
I've
95%
knew
95%
that
95%
that,
95%
to
95%
could
94%
Could
94%
fell
94%
for
94%
For
94%
If
94%
kind
94%
of
94%
over,
94%
over
94%
same?
94%
same
94%
So
94%
so
94%
Penelope What
94%
what
94%
bed?
93%
bed
93%
Odysseus | Penelope How
93%
how
93%
once
93%
prayers
93%
things
93%
all
92%
answered?
92%
did
92%
done?
92%
look
92%
tell
92%
we
92%
As
91%
blood
91%
eyes
91%
know
91%
where
91%
can
90%
don't
90%
Don't
90%
its
90%
it's
90%
more?
90%
more
90%
tired
90%
wedding
90%
before
89%
bring
89%
dreaming
89%
favor?
89%
from
89%
gentle
89%
long
89%
only
89%
Penelope Only
89%
will
89%
adored
88%
every
88%
See
88%
sweat,
88%
tree
88%
when
88%
you've
88%
care
87%
different
87%
island
87%
met
87%
say
87%
smile,
87%
this?
87%
you're
87%
You're
87%
first
86%
has
86%
here?
86%
Just
86%
Odysseus Left
86%
Odysseus Twenty
86%
years..
86%
back
85%
carry
85%
high
85%
our
85%
some
85%
standing
85%
there?
85%
trail
85%
way
85%
away
84%
frame
84%
guess
84%
labor,
84%
lighter
84%
moment
84%
peace?
84%
roots!
84%
torn
84%
asked
83%
far
83%
matter
83%
olive
83%
person!
83%
always
82%
makes
82%
MINE!
82%
true,
82%
can't
81%
cut
81%
lift
81%
move
81%
red
81%
shoulders,
81%
symbol
81%
use
81%
carved
80%
him
80%
take
80%
that's
80%
built
79%
friends
79%
had
79%
hands
79%
was
79%
cannot
78%
like
78%
undo
78%
But
76%
everlasting
76%
realize
76%
change
75%
count
75%
objects
75%
traded
75%
than
71%
into
69%
lives
67%
Hurt
58%
oh!
57%
No matching quizzes found
Score Distribution
Percent of People with Each Score
Percentile by Number Answered
Your Score History
You have not taken this quiz